[Event "Titled Tuesday intern op 13th Aug Early"]
[Site "Chess.com INT"]
[Date "2024.08.13"]
[Round "10"]
[White "Klimkowski, Jan"]
[Black "Shapiro, David"]
[Result "1-0"]
[WhiteElo "2508"]
[BlackElo "2376"]
[PlyCount "75"]
[EventDate "2024.08.13"]
[EventType "swiss (blitz)"]
[EventRounds "11"]
[EventCountry "USA"]
[SourceTitle "EXT 2025"]
[Source "ChessBase"]
[SourceDate "2024.10.14"]
[SourceVersion "1"]
[SourceVersionDate "2024.10.14"]
[SourceQuality "1"]

1. e4 e5 2. Nf3 Nf6 3. d3 Nc6 4. g3 d5 5. exd5 Nxd5 6. Bg2 Be7 7. 0-0 0-0 8. Re1 Bf6 9. Nbd2 g6 10. a4 Re8 11. a5 a6 12. c3 Bg7 13. Qb3 Be6 14. Nc4 f6 15. Qxb7 Nde7 16. Qb3 Qxd3 17. Ncxe5 Qf5 18. Nc4 Rab8 19. Qa4 Bd5 20. Ne3 Qe4 21. Nxd5 Qxd5 22. Nd4 Qd6 23. Re6 Nxd4 24. Rxd6 Ne2+ 25. Kf1 cxd6 26. Qc4+ d5 27. Qxe2 Nf5 28. Qd1 d4 29. cxd4 Rbd8 30. d5 Nd6 31. Bf4 Nb5 32. Qd2 f5 33. Re1 Nd4 34. Rxe8+ Rxe8 35. Be3 Nb3 36. Qb4 Na1 37. d6 Nc2 38. Qc4+ 1-0

[Event "Titled Tuesday intern op 13th Aug Early"]
[Site "Chess.com INT"]
[Date "2024.08.13"]
[Round "8"]
[White "Pakleza, Zbigniew"]
[Black "Shapiro, David"]
[Result "0-1"]
[WhiteElo "2483"]
[BlackElo "2376"]
[PlyCount "68"]
[EventDate "2024.08.13"]
[EventType "swiss (blitz)"]
[EventRounds "11"]
[EventCountry "USA"]
[SourceTitle "EXT 2025"]
[Source "ChessBase"]
[SourceDate "2024.10.14"]
[SourceVersion "1"]
[SourceVersionDate "2024.10.14"]
[SourceQuality "1"]

1. d4 g6 2. Nf3 Bg7 3. Bf4 c5 4. c3 cxd4 5. cxd4 Nf6 6. e3 0-0 7. Nc3 d6 8. Be2 b6 9. 0-0 Bb7 10. Qa4 a6 11. Rfc1 Nbd7 12. h3 b5 13. Qb3 Nb6 14. a4 Nbd5 15. axb5 Nxf4 16. exf4 axb5 17. Qxb5 Rb8 18. Qd3 Nd5 19. g3 Qd7 20. Kh2 Rfc8 21. Ra7 Nb4 22. Qe3 e6 23. h4 h6 24. Qd2 Qd8 25. Ra4 Qb6 26. Rd1 Bc6 27. Ra3 Nd5 28. Nxd5 Bxd5 29. b3 Rc7 30. Rb1 Rbc8 31. Bd1 Rc3 32. Ne1 Bxd4 33. Kg1 Rxg3+ 34. Kf1 Rh3 0-1

[Event "Titled Tuesday intern op 23rd Jul Late"]
[Site "Chess.com INT"]
[Date "2024.07.23"]
[Round "1"]
[White "Playa, Marcelo"]
[Black "Shapiro, David"]
[Result "0-1"]
[WhiteElo "2376"]
[BlackElo "2376"]
[PlyCount "58"]
[EventDate "2024.07.23"]
[EventType "swiss (blitz)"]
[EventRounds "11"]
[EventCountry "USA"]
[SourceTitle "EXT 2025"]
[Source "ChessBase"]
[SourceDate "2024.10.14"]
[SourceVersion "1"]
[SourceVersionDate "2024.10.14"]
[SourceQuality "1"]

1. e4 g6 2. d4 Bg7 3. Nc3 a6 4. Be3 b5 5. Qd2 Bb7 6. f3 d5 7. e5 c5 8. 0-0-0 cxd4 9. Bxd4 Nc6 10. f4 Nh6 11. Nf3 Nf5 12. g4 Nfxd4 13. Nxd4 Nxd4 14. Qxd4 e6 15. f5 gxf5 16. gxf5 Qg5+ 17. Kb1 Qxf5 18. Qb6 Rb8 19. Nxb5 0-0 20. Nd6 Qxe5 21. Nxb7 Rxb7 22. Qxb7 Rb8 23. Qxb8+ Qxb8 24. c3 Bxc3 25. b3 Bf6 26. Rg1+ Kf8 27. Rg4 Qxh2 28. Bg2 h5 29. Rh1 Qe5 0-1

[Event "Titled Tuesday intern op 23rd Jul Late"]
[Site "Chess.com INT"]
[Date "2024.07.23"]
[Round "8"]
[White "Shapiro, David"]
[Black "Svane, Frederik"]
[Result "0-1"]
[WhiteElo "2376"]
[BlackElo "2636"]
[PlyCount "50"]
[EventDate "2024.07.23"]
[EventType "swiss (blitz)"]
[EventRounds "11"]
[EventCountry "USA"]
[SourceTitle "EXT 2025"]
[Source "ChessBase"]
[SourceDate "2024.10.14"]
[SourceVersion "1"]
[SourceVersionDate "2024.10.14"]
[SourceQuality "1"]

1. Nf3 d5 2. c4 e6 3. g3 Nf6 4. Bg2 Bd6 5. 0-0 0-0 6. d4 h6 7. Qc2 b6 8. Rd1 Bb7 9. Nbd2 Nbd7 10. b3 Qe7 11. Bb2 Rfd8 12. Rac1 Rac8 13. Qb1 c5 14. cxd5 exd5 15. e3 Ne4 16. Nh4 Qe6 17. Nxe4 dxe4 18. d5 Bxd5 19. Rxd5 Qxd5 20. Bxe4 Qe6 21. Rd1 Bf8 22. Bd5 Qe8 23. Qg6 Nf6 24. Nf5 Kh8 25. Bxf6 fxg6 0-1

[Event "Titled Tuesday intern op 16th Jul Late"]
[Site "Chess.com INT"]
[Date "2024.07.16"]
[Round "2"]
[White "Baltic, Fatih"]
[Black "Shapiro, David"]
[Result "1-0"]
[WhiteElo "2255"]
[BlackElo "2376"]
[PlyCount "57"]
[EventDate "2024.07.16"]
[EventType "swiss (blitz)"]
[EventRounds "11"]
[EventCountry "USA"]
[SourceTitle "EXT 2025"]
[Source "ChessBase"]
[SourceDate "2024.10.14"]
[SourceVersion "1"]
[SourceVersionDate "2024.10.14"]
[SourceQuality "1"]

1. Nf3 d5 2. g3 Nd7 3. d4 Nb6 4. Bg2 Bf5 5. Ne5 e6 6. 0-0 Nf6 7. c4 c6 8. b3 Be7 9. Bb2 0-0 10. Nd2 a5 11. a3 a4 12. b4 Nfd7 13. Nxd7 Nxd7 14. e4 dxe4 15. Nxe4 Qc7 16. Rc1 Rfd8 17. Qe2 Nf6 18. Nc5 b6 19. Nd3 Rac8 20. Ne5 c5 21. dxc5 bxc5 22. b5 Rd6 23. Rfd1 Rcd8 24. Nc6 Rxd1+ 25. Rxd1 Rxd1+ 26. Qxd1 Be4 27. Be5 Qb7 28. Nxe7+ Qxe7 29. Bxf6 1-0

[Event "Titled Tuesday intern op 14th May Late"]
[Site "Chess.com INT"]
[Date "2024.05.14"]
[Round "3"]
[White "Kuznecovs, Nikita"]
[Black "Shapiro, David"]
[Result "0-1"]
[WhiteElo "2291"]
[BlackElo "2393"]
[PlyCount "78"]
[EventDate "2024.05.14"]
[EventType "swiss (blitz)"]
[EventRounds "11"]
[EventCountry "USA"]
[SourceTitle "CBM 220 Extra"]
[Source "ChessBase"]
[SourceDate "2024.07.31"]
[SourceVersion "1"]
[SourceVersionDate "2024.07.31"]
[SourceQuality "1"]

1. Nf3 d5 2. g3 Nc6 3. c4 d4 4. Bg2 e5 5. d3 Bb4+ 6. Nbd2 a5 7. 0-0 Nf6 8. Ne4 Nxe4 9. dxe4 0-0 10. a3 Be7 11. Ne1 Be6 12. Qc2 a4 13. Bd2 Na5 14. Bxa5 Rxa5 15. Nd3 f6 16. f4 Qd7 17. Rac1 Rfa8 18. Qd2 b6 19. Rf2 Bd6 20. Qd1 c5 21. fxe5 fxe5 22. Qf1 b5 23. cxb5 c4 24. Ne1 Rxb5 25. Nf3 Rxb2 26. Ng5 c3 27. Nxe6 Qxe6 28. Bh3 Qe7 29. Rf5 Bxa3 30. Qf3 Rbb8 31. Rf1 Rf8 32. Qd3 Rxf5 33. exf5 Qc5 34. f6 Rf8 35. Be6+ Kh8 36. fxg7+ Kxg7 37. Rb1 Qc7 38. Bd5 c2 39. Rb7 c1Q+ 0-1

[Event "Titled Tuesday intern op 14th May Late"]
[Site "Chess.com INT"]
[Date "2024.05.14"]
[Round "10"]
[White "Shapiro, David"]
[Black "Matinian, Nikita"]
[Result "0-1"]
[WhiteElo "2393"]
[BlackElo "2396"]
[PlyCount "108"]
[EventDate "2024.05.14"]
[EventType "swiss (blitz)"]
[EventRounds "11"]
[EventCountry "USA"]
[SourceTitle "CBM 220 Extra"]
[Source "ChessBase"]
[SourceDate "2024.07.31"]
[SourceVersion "1"]
[SourceVersionDate "2024.07.31"]
[SourceQuality "1"]

1. d4 Nf6 2. Nc3 d5 3. Bf4 g6 4. e3 Bg7 5. Nb5 Na6 6. h3 c6 7. Nc3 Nb8 8. Nf3 Bf5 9. Bd3 Bxd3 10. cxd3 0-0 11. 0-0 Nbd7 12. b4 Re8 13. Rc1 Nh5 14. Bh2 e5 15. dxe5 Nxe5 16. Nxe5 Bxe5 17. Bxe5 Rxe5 18. d4 Re6 19. b5 Qa5 20. Qb3 Rc8 21. Nxd5 Kg7 22. Nc3 Nf6 23. Na4 b6 24. Nb2 h5 25. a4 c5 26. Nc4 Qb4 27. Qxb4 cxb4 28. Ne5 Rxc1 29. Rxc1 Nd5 30. Nc6 Nc3 31. Kf1 a5 32. Ke1 Nxa4 33. d5 Rd6 34. e4 Nc3 35. f3 Nxb5 36. Ne5 b3 37. Nc4 a4 38. Nxd6 Nxd6 39. Kd2 b2 40. Rb1 a3 41. Kc3 b5 42. Kb3 Nc4 43. Rd1 Kf8 44. d6 Ke8 45. d7+ Kd8 46. f4 Nd2+ 47. Kxa3 b1Q 48. Rxb1 Nxb1+ 49. Kb4 Kxd7 50. Kxb5 Nc3+ 51. Kc4 Nxe4 52. Kd4 f5 53. g4 Ke6 54. gxh5 gxh5 0-1

[Event "RUS-chT 31th"]
[Site "Sochi"]
[Date "2024.05.06"]
[Round "5.28"]
[White "Shapiro, David"]
[Black "Ledakov, Alexandr"]
[Result "1/2-1/2"]
[WhiteElo "2393"]
[BlackElo "2288"]
[PlyCount "84"]
[EventDate "2024.05.01"]
[EventType "team-tourn"]
[EventRounds "9"]
[EventCountry "RUS"]
[SourceTitle "CBM 220 Extra"]
[Source "ChessBase"]
[SourceDate "2024.07.31"]
[SourceVersion "1"]
[SourceVersionDate "2024.07.31"]
[SourceQuality "1"]
[WhiteTeam "Moscow Temus"]
[BlackTeam "Kimmeriya"]
[WhiteTeamCountry "RUS"]
[BlackTeamCountry "RUS"]

1. d4 d5 2. c4 c6 3. Nc3 dxc4 4. e3 e5 5. dxe5 Qxd1+ 6. Kxd1 Be6 7. f4 Nd7 8. e4 0-0-0 9. Kc2 g6 10. Nf3 Nc5 11. Ng5 b5 12. Be3 Be7 13. Nxe6 fxe6 14. Be2 Nh6 15. b3 b4 16. Nd1 c3 17. a3 Nxe4 18. Bf3 Nf5 19. Bxe4 Nxe3+ 20. Nxe3 Rd2+ 21. Kc1 Re2 22. axb4 Rxe3 23. Rxa7 Rxe4 24. Rxe7 Rd8 25. Rd1 Rxf4 26. Rxe6 Rxd1+ 27. Kxd1 Rf2 28. Rxc6+ Kd7 29. Rxc3 Rxg2 30. h3 Rg5 31. Re3 Ke6 32. Ke2 Rf5 33. Re4 g5 34. b5 Rxe5 35. Ke3 h5 36. b6 Rxe4+ 37. Kxe4 Kd6 38. Kf5 g4 39. hxg4 hxg4 40. Kxg4 Kc6 41. b4 Kxb6 42. b5 Kxb5 1/2-1/2

[Event "Moscow Aeroflot op-A"]
[Site "Moscow"]
[Date "2024.03.06"]
[Round "7"]
[White "Shapiro, David"]
[Black "Skvortsov, Andrei"]
[Result "1-0"]
[WhiteElo "2391"]
[BlackElo "2295"]
[PlyCount "65"]
[EventDate "2024.03.03"]
[EventType "swiss"]
[EventRounds "9"]
[EventCountry "RUS"]
[SourceTitle "CBM 219 Extra"]
[Source "ChessBase"]
[SourceDate "2024.05.31"]
[SourceVersion "1"]
[SourceVersionDate "2024.05.31"]
[SourceQuality "1"]

1. d4 d6 2. Nf3 Nf6 3. g3 Nbd7 4. Bg2 e5 5. c4 c6 6. Nc3 e4 7. Nh4 d5 8. f3 exf3 9. Bxf3 dxc4 10. e4 Nb6 11. 0-0 Be7 12. Ng2 Bh3 13. Rf2 h5 14. Nf4 Bg4 15. h3 Bxf3 16. Rxf3 Qd7 17. a4 g5 18. a5 gxf4 19. axb6 fxg3 20. Kg2 a6 21. Bf4 Rd8 22. Bc7 Rc8 23. d5 Rxc7 24. bxc7 Qxc7 25. d6 Qb6 26. dxe7 Qxb2+ 27. Ne2 Kxe7 28. Rb1 Qa2 29. Rxb7+ Ke6 30. Rxf6+ Kxf6 31. Qf1+ Ke5 32. Qf5+ Kd6 33. Rd7# 1-0

[Event "Moscow Aeroflot op-A"]
[Site "Moscow"]
[Date "2024.03.03"]
[Round "1"]
[White "Lazavik, Denis"]
[Black "Shapiro, David"]
[Result "1/2-1/2"]
[WhiteElo "2567"]
[BlackElo "2391"]
[PlyCount "99"]
[EventDate "2024.03.03"]
[EventType "swiss"]
[EventRounds "9"]
[EventCountry "RUS"]
[SourceTitle "CBM 219 Extra"]
[Source "ChessBase"]
[SourceDate "2024.05.31"]
[SourceVersion "1"]
[SourceVersionDate "2024.05.31"]
[SourceQuality "1"]

1. d4 d5 2. Nf3 Nf6 3. e3 c5 4. Nbd2 cxd4 5. exd4 Nc6 6. Bb5 Bf5 7. Ne5 Qb6 8. a4 Nd7 9. Nxd7 Bxd7 10. c3 Bf5 11. Qb3 e6 12. a5 Qc7 13. a6 b6 14. 0-0 Bd6 15. Re1 0-0 16. Nf1 Rac8 17. Bg5 Ne7 18. Qd1 h6 19. Bd2 Bg6 20. Qg4 Bf5 21. Qh5 Bg6 22. Qh3 Bf5 23. Qf3 Be4 24. Qe2 Bf4 25. Bxf4 Qxf4 26. Nd2 Bh7 27. Nf3 Nf5 28. Qe5 Qxe5 29. dxe5 Rc5 30. Bf1 Rd8 31. g4 Ne7 32. Nd4 g5 33. Re3 Ng6 34. Bb5 Ne7 35. Kg2 Kg7 36. h3 Bg6 37. b4 Rcc8 38. Ba4 h5 39. Rd1 Rh8 40. Rh1 Rc4 41. Bb5 Rcc8 42. f3 Rc7 43. Ba4 Rc4 44. Bb3 Rcc8 45. Nb5 Nc6 46. Rd1 Rhd8 47. Nd6 Rc7 48. Nb5 Rcc8 49. Nd6 Rc7 50. Nb5 1/2-1/2

[Event "Moscow Aeroflot op-A"]
[Site "Moscow"]
[Date "2024.03.03"]
[Round "2"]
[White "Shapiro, David"]
[Black "Nikitenko, Mihail"]
[Result "1-0"]
[WhiteElo "2391"]
[BlackElo "2532"]
[PlyCount "109"]
[EventDate "2024.03.03"]
[EventType "swiss"]
[EventRounds "9"]
[EventCountry "RUS"]
[SourceTitle "CBM 219 Extra"]
[Source "ChessBase"]
[SourceDate "2024.05.31"]
[SourceVersion "1"]
[SourceVersionDate "2024.05.31"]
[SourceQuality "1"]

1. d4 Nf6 2. c4 e6 3. Nf3 h6 4. Nc3 Bb4 5. Qc2 c5 6. dxc5 Na6 7. a3 Bxc3+ 8. Qxc3 Nxc5 9. b4 Nce4 10. Qb2 0-0 11. Ne5 d6 12. Nd3 e5 13. f3 Ng5 14. e4 Be6 15. c5 d5 16. Nxe5 dxe4 17. f4 Ngh7 18. Be2 b6 19. c6 b5 20. Be3 Nd5 21. Qd4 f6 22. Nd7 Nxe3 23. Qxe3 Bxd7 24. Rd1 Qb6 25. Qxb6 axb6 26. Rxd7 Rfc8 27. Bxb5 Nf8 28. Re7 Rxa3 29. 0-0 f5 30. Rc1 h5 31. g3 h4 32. gxh4 Ng6 33. Rd7 Kh7 34. Rf7 Nxh4 35. c7 Ra2 36. Rc3 Nf3+ 37. Rxf3 exf3 38. Bd7 Rca8 39. Bxf5+ Kh6 40. Re7 Rb2 41. Kf1 f2 42. Re2 Rxb4 43. c8Q Rxc8 44. Bxc8 Rxf4 45. Rb2 Rf6 46. Rb3 g5 47. Bg4 Kg6 48. h3 Kh6 49. Bf3 Kg6 50. Kxf2 Kh6 51. Kg3 Kg6 52. Be4+ Kg7 53. Rb5 Kh6 54. Re5 Rf4 55. Re7 1-0

[Event "Titled Tuesday intern op 7th Mar Late"]
[Site "Chess.com INT"]
[Date "2023.03.07"]
[Round "9"]
[White "Janaszak, Dawid"]
[Black "Shapiro, David"]
[Result "0-1"]
[WhiteElo "2322"]
[BlackElo "2387"]
[PlyCount "46"]
[EventDate "2023.03.07"]
[EventType "swiss (blitz)"]
[EventRounds "11"]
[EventCountry "USA"]
[SourceTitle "EXT 2024"]
[Source "ChessBase"]
[SourceDate "2023.10.10"]
[SourceVersion "1"]
[SourceVersionDate "2023.10.10"]
[SourceQuality "1"]

1. e4 e5 2. Nf3 Nf6 3. Nxe5 d6 4. Nf3 Nxe4 5. Nc3 Nxc3 6. dxc3 Be7 7. Be3 Nd7 8. Bd3 Ne5 9. Nxe5 dxe5 10. Qh5 Bf6 11. 0-0-0 Qe7 12. f4 e4 13. Bb5+ c6 14. Ba4 Be6 15. Bc5 Qc7 16. Rd6 0-0 17. f5 Bxa2 18. Rxf6 Qf4+ 19. Kd1 gxf6 20. Bd4 c5 21. g3 Qd6 22. Qg4+ Kh8 23. Qf4 Rad8 0-1

[Event "Titled Tuesday intern op 7th Mar Late"]
[Site "Chess.com INT"]
[Date "2023.03.07"]
[Round "3"]
[White "Licznerski, Lukasz"]
[Black "Shapiro, David"]
[Result "1/2-1/2"]
[WhiteElo "2456"]
[BlackElo "2387"]
[PlyCount "96"]
[EventDate "2023.03.07"]
[EventType "swiss (blitz)"]
[EventRounds "11"]
[EventCountry "USA"]
[SourceTitle "EXT 2024"]
[Source "ChessBase"]
[SourceDate "2023.10.10"]
[SourceVersion "1"]
[SourceVersionDate "2023.10.10"]
[SourceQuality "1"]

1. e4 e5 2. Nf3 Nf6 3. d4 Nxe4 4. Bd3 Nc6 5. d5 Nc5 6. dxc6 e4 7. 0-0 exd3 8. b4 dxc2 9. Qxc2 Ne6 10. b5 dxc6 11. bxc6 Be7 12. Rd1 Bd6 13. Ba3 0-0 14. Nc3 bxc6 15. Ne4 c5 16. Nxc5 Nxc5 17. Bxc5 Bb7 18. Qb3 Bxf3 19. Qxf3 Qe7 20. Bxd6 cxd6 21. Rd5 Rfd8 22. Rad1 Rab8 23. g3 Rb6 24. Qa3 g6 25. Ra5 Rd7 26. Qc3 Rc7 27. Qd4 Rbc6 28. Rd5 Rc4 29. Qa1 R7c6 30. Re1 Re4 31. Rb1 Rc8 32. Rbd1 Re6 33. Qd4 Re1+ 34. Rxe1 Qxe1+ 35. Kg2 Rc1 36. Rxd6 Qf1+ 37. Kf3 Qh1+ 38. Kf4 Rc8 39. Rd8+ Rxd8 40. Qxd8+ Kg7 41. Qd4+ Kg8 42. Qxa7 Qxh2 43. a4 h5 44. Qd4 h4 45. Qd8+ Kg7 46. Qd4+ Kg8 47. Qd8+ Kg7 48. Qd4+ Kg8 1/2-1/2

[Event "Titled Tuesday intern op 02nd Aug Late"]
[Site "Chess.com INT"]
[Date "2022.08.02"]
[Round "9"]
[White "Shapiro, David"]
[Black "Viana da Costa, Fernando"]
[Result "1/2-1/2"]
[WhiteElo "2393"]
[BlackElo "2241"]
[PlyCount "154"]
[EventDate "2022.08.02"]
[EventType "swiss (blitz)"]
[EventRounds "11"]
[EventCountry "USA"]
[SourceTitle "EXT 2023"]
[Source "ChessBase"]
[SourceDate "2022.10.05"]
[SourceVersion "1"]
[SourceVersionDate "2022.10.05"]
[SourceQuality "1"]

1. e4 c5 2. Nf3 Nc6 3. d4 cxd4 4. Nxd4 g6 5. c4 Nf6 6. Nc3 d6 7. Be2 Nxd4 8. Qxd4 Bg7 9. 0-0 0-0 10. Qd1 a5 11. Be3 Be6 12. f3 Nd7 13. Nd5 a4 14. Bd4 Bxd5 15. cxd5 Bxd4+ 16. Qxd4 Nc5 17. Rab1 Qb6 18. b4 axb3 19. axb3 Ra2 20. b4 Nd7 21. Qxb6 Nxb6 22. Bb5 Rc8 23. Rfc1 Rxc1+ 24. Rxc1 Rb2 25. Rc7 Rxb4 26. Bf1 Kf8 27. Rxb7 Nxd5 28. Rxb4 Nxb4 29. Kf2 e5 30. Ke3 Nc6 31. f4 exf4+ 32. Kxf4 Ne5 33. h4 Ke7 34. g3 h5 35. Be2 Nd7 36. g4 hxg4 37. Bxg4 Nc5 38. h5 gxh5 39. Bxh5 Nd3+ 40. Kf5 Ne5 41. Be2 Nd7 42. Bc4 f6 43. Bd5 Nb6 44. Bb3 Na8 45. Bd5 Nc7 46. Bc4 Ne8 47. Kg6 Nc7 48. Kf5 Na8 49. Bd5 Nb6 50. Bb3 Nd7 51. Bd5 Nc5 52. Kg6 Nd3 53. Kf5 Nb4 54. Bc4 Nc2 55. Ba2 Nd4+ 56. Kg6 Nf3 57. Kf5 Nh4+ 58. Kg4 Ng6 59. Kf5 Ne5 60. Bd5 Nf3 61. Ba2 Nd4+ 62. Kg6 Nb5 63. Kf5 Nc3 64. Bc4 Nd1 65. Bb3 Nc3 66. Bc4 Na4 67. Bb3 Nc5 68. Bd5 Nd3 69. Bc4 Nc5 70. Bd5 Nd7 71. Ba2 Nf8 72. Bc4 Nh7 73. Kg6 Ng5 74. Kf5 Nf7 75. Ba2 Ne5 76. Bd5 Nf7 77. Ba2 Ne5 1/2-1/2

[Event "Titled Tuesday intern op 02nd Aug Late"]
[Site "Chess.com INT"]
[Date "2022.08.02"]
[Round "8"]
[White "Wagner, Dennis"]
[Black "Shapiro, David"]
[Result "1-0"]
[WhiteElo "2569"]
[BlackElo "2393"]
[PlyCount "75"]
[EventDate "2022.08.02"]
[EventType "swiss (blitz)"]
[EventRounds "11"]
[EventCountry "USA"]
[SourceTitle "EXT 2023"]
[Source "ChessBase"]
[SourceDate "2022.10.05"]
[SourceVersion "1"]
[SourceVersionDate "2022.10.05"]
[SourceQuality "1"]

1. e4 c5 2. Nf3 d6 3. d4 cxd4 4. Nxd4 Nf6 5. Nc3 a6 6. f3 e5 7. Nb3 Be7 8. Be3 Be6 9. Qd2 0-0 10. 0-0-0 Nbd7 11. g4 b5 12. g5 b4 13. Ne2 Ne8 14. f4 a5 15. f5 a4 16. fxe6 axb3 17. cxb3 fxe6 18. Bh3 Rxa2 19. Bxe6+ Kh8 20. Ng3 Nc7 21. Bc4 Qa8 22. Rhf1 Rc8 23. Rf7 Re8 24. Rxe7 Rxe7 25. Qxd6 Ra1+ 26. Kc2 Rxd1 27. Kxd1 Qd8 28. Bb6 Qf8 29. Bxc7 Nc5 30. Ke2 Nb7 31. Qxb4 Nd8 32. Bd6 Nc6 33. Bxe7 Nd4+ 34. Ke1 Qa8 35. Kf2 Nc2 36. Qb6 Qe8 37. Qd8 Qxd8 38. Bxd8 1-0

[Event "RUS-ch Higher League 75th"]
[Site "Obninsk"]
[Date "2022.06.28"]
[Round "3"]
[White "Paravyan, David"]
[Black "Shapiro, David"]
[Result "1/2-1/2"]
[WhiteElo "2620"]
[BlackElo "2393"]
[PlyCount "171"]
[EventDate "2022.06.26"]
[EventType "swiss"]
[EventRounds "9"]
[EventCountry "RUS"]
[SourceTitle "CBM 209 Extra"]
[Source "ChessBase"]
[SourceDate "2022.09.30"]
[SourceVersion "1"]
[SourceVersionDate "2022.09.30"]
[SourceQuality "1"]

1. e4 e5 2. Nf3 Nf6 3. Nxe5 d6 4. Nf3 Nxe4 5. d4 d5 6. Bd3 Bd6 7. 0-0 0-0 8. c4 c6 9. Qc2 Na6 10. a3 f5 11. cxd5 cxd5 12. Nc3 Nc7 13. Ne5 Ne6 14. Be3 f4 15. Nxd5 N4g5 16. Nxf4 Nxf4 17. Bxf4 Rxf4 18. Bxh7+ Kh8 19. Ng6+ Kxh7 20. Nxf4+ Kg8 21. Qb3+ Nf7 22. Ng6 Qf6 23. Ne5 Be6 24. Qxb7 Rb8 25. Qc6 Rc8 26. Qe4 Bf5 27. Qe3 Nxe5 28. dxe5 Qxe5 29. Qxe5 Bxe5 30. Rad1 Bxb2 31. Rd5 Be6 32. Ra5 Bd4 33. Ra4 Bb6 34. Re4 Bb3 35. h4 a5 36. Rfe1 a4 37. Rg4 Rf8 38. Re7 Rf7 39. Re8+ Kh7 40. Rg5 Rxf2 41. Kh2 Bd4 42. Re4 Bb2 43. Ra5 Bxa3 44. Raxa4 Bxa4 45. Rxa4 Bd6+ 46. Kh3 Kg6 47. Rg4+ Kf6 48. g3 Be5 49. Rg5 Rc2 50. Kg4 Rc3 51. Kh3 Rd3 52. Kg2 Ke6 53. Kh3 Bf6 54. Rh5 Ra3 55. Kg2 Rd3 56. Kh3 g6 57. Rh6 Kf5 58. Kg2 Bg7 59. g4+ Kf6 60. Rh7 Rd8 61. g5+ Kf7 62. h5 gxh5 63. Rxh5 Kg6 64. Rh3 Be5 65. Rb3 Kxg5 66. Kf3 Kf5 67. Rb7 Rd3+ 68. Ke2 Ra3 69. Re7 Ke4 70. Re8 Ra2+ 71. Ke1 Rb2 72. Re7 Kd4 73. Kf1 Bf4 74. Re2 Rb1+ 75. Kg2 Kd3 76. Ra2 Be3 77. Kf3 Rf1+ 78. Kg4 Ke4 79. Ra4+ Bd4 80. Rb4 Ra1 81. Kh4 Ra8 82. Kg4 Rg8+ 83. Kh4 Ke5 84. Kh3 Be3 85. Rg4 Rxg4 86. Kxg4 1/2-1/2

[Event "Titled Tuesday intern op 07th Jun Late"]
[Site "Chess.com INT"]
[Date "2022.06.07"]
[Round "1"]
[White "Shapiro, David"]
[Black "Sanchez, Roberto Daniel"]
[Result "1-0"]
[WhiteElo "2393"]
[BlackElo "1974"]
[PlyCount "49"]
[EventDate "2022.06.07"]
[EventType "swiss (blitz)"]
[EventRounds "11"]
[EventCountry "USA"]
[SourceTitle "CBM 208 Extra"]
[Source "ChessBase"]
[SourceDate "2022.07.31"]
[SourceVersion "1"]
[SourceVersionDate "2022.07.31"]
[SourceQuality "1"]

1. d4 d5 2. Nc3 e6 3. Bf4 Nf6 4. e3 Bb4 5. Nge2 c5 6. a3 Bxc3+ 7. Nxc3 c4 8. e4 dxe4 9. Bxc4 0-0 10. Qd2 Nc6 11. 0-0-0 a6 12. Bg5 h6 13. Bh4 b5 14. Bb3 Na5 15. Ba2 Bb7 16. d5 exd5 17. Nxd5 Bxd5 18. Bxf6 Qxf6 19. Bxd5 Nc4 20. Qd4 Qxd4 21. Rxd4 Rad8 22. Rhd1 Kh8 23. Bxc4 Rxd4 24. Rxd4 bxc4 25. Rxe4 1-0